How to become a professional engineer. (Record no. 996051)

MARC details
000 -LEADER
fixed length control field 00636nam a2200241Ia 4500
003 - CONTROL NUMBER IDENTIFIER
control field OSt
005 - DATE AND TIME OF LATEST TRANSACTION
control field 20221005090603.0
008 - FIXED-LENGTH DATA ELEMENTS--GENERAL INFORMATION
fixed length control field 221004b |||||||| |||| 00| 0 eng d
037 ## - SOURCE OF ACQUISITION
Terms of availability Textual
040 ## - CATALOGING SOURCE
Original cataloging agency CRL
Transcribing agency CRL
Language of cataloging eng
041 ## - LANGUAGE CODE
Source of code eng
Language code of text/sound track or separate title eng
100 ## - MAIN ENTRY--PERSONAL NAME
Personal name Constance John D
9 (RLIN) 615477
245 #0 - TITLE STATEMENT
Title How to become a professional engineer.
260 ## - PUBLICATION, DISTRIBUTION, ETC.
Place of publication, distribution, etc. New York
Name of publisher, distributor, etc. McGraw Hill
Date of publication, distribution, etc. 1978
300 ## - PHYSICAL DESCRIPTION
Extent 325p.
Dimensions cm.
650 ## - SUBJECT ADDED ENTRY--TOPICAL TERM
Topical term or geographic name entry element EDUCATION
942 ## - ADDED ENTRY ELEMENTS (KOHA)
Classification part T9(Y4)0bD, L8
Koha item type Textual
Source of classification or shelving scheme
Holdings
Withdrawn status Lost status Damaged status Not for loan Home library Current library Date acquired Total Checkouts Full call number Barcode Date last seen Price effective from Koha item type
        Central Library Central Library 2022-10-05   T9(Y4)0bD L8 CL0864258 2022-10-05 2022-10-05 Textual
Copyright @ Delhi University Library System